000
00301 a2200157 4500
001
188325
020
_a
040
_c
Magnum
100
_a
Neves, Elza Aguiar
240
1
0
_a
Reno
_l
por
245
1
0
_a
Reno
300
_a
38
362
0
_a
2003
697
_a
LITERATURA INFANTO-JUVENIL
942
_c
BK
999
_c
188325
_d
188325